00189nam a2200073Ia 4500008004100000245003600041260002900077260000900106160319s9999 xx 000 0 und d aDiscover Literacy Key Stage 2 / bGranada Learning Limited c2002